Pertandingan bolasepak antara kakitangan Inspen dengan artis [ 21 Mei 1993

Bibliographic Details
Corporate Author: Institut Penilaian Negara
Format: Book
Published: Bangi : Institut Penilaian Negara , 1993

MARC

LEADER 00000cam a2200000 7i4500
001 0000005169
005 20090712.0
008 090712 my v
040 |a INS 
090 0 0 |a VCD 1556 
245 0 0 |a Pertandingan bolasepak antara kakitangan Inspen dengan artis [  |h cakera video] :   |b 21 Mei 1993 
260 |a Bangi :   |b Institut Penilaian Negara ,   |c 1993 
300 |a 1 cakera video (1 jam 5 min.) :   |b bny., wrn. ;   |c 4 3/4 in. 
500 |a Juga terdapat dalam format VHS 500 
710 1 |a Institut Penilaian Negara 
999 |a VCD0001556   |b DIGITAL VIDEO CD   |c Map Collection   |e Default branch